Le règne de Napoléon - Statistiques

Statistiques générales
  • Ce quiz a été pris 16 747 fois
  • Le résultat moyen est 12 sur 20
Statistiques - réponses
Question Réponse % Correct
Sa défaite finale Bataille de {Waterloo}
96%
Île de son deuxième exil, où il mourut Sainte-Hélène
91%
Ville de naissance Ajaccio
88%
Île où il fut exilé une première fois Île d'Elbe
75%
Territoire vendu aux Etats-Unis en 1803 Louisiane
74%
Nom de sa première femme Joséphine de Beauharnais
68%
Sa plus grande victoire, qui a mené à la disparition du Saint-Empire Austerlitz
65%
Monument massif, érigé à Paris et commémorant ses conquêtes Arc de Triomphe
64%
Nom donné à l'armée de Napoléon {Grande} Armée
63%
Conférence de paix qui a redéfini les frontières européennes après la chute de Napoléon Congrès de {Vienne}
60%
Ville marquant le point le plus oriental de ses conquêtes Moscou
58%
Système de mesure qu'il a contribué à répandre Système {métrique}
58%
Pierre découverte pendant la campagne d'Egypte, servant à traduire les hiéroglyphes Pierre de {Rosette}
57%
Colonie française devenue indépendante en 1804 après une révolte d'ésclaves Haïti
54%
Bataille où la marine française fut défaite par l'amiral Nelson en 1805 Bataille de {Trafalgar}
49%
Régime en place avant l'Empire Le Consulat
49%
Nom donné à la période où il gouverna entre ses deux exils Cent-Jours
47%
Commandant des Anglais lors de cette bataille Le Duc de {Wellington}
38%
Maréchal d'Empire, surnommé "le brave des braves" présent à ses côtés ce jour là Michel Ney
31%
Nom de sa deuxième épouse, mère de Napoléon II Marie-Louise
22%
Aucun quiz correspondant
Distribution des résultats
% des personnes avec chaque résultat
Percentile par nombre de réponses
Votre historique - résultats
Vous n’avez pas pris ce quiz